<?xml version="1.0" encoding="UTF-8"?>
<record
    xmlns:xsi="http://www.w3.org/2001/XMLSchema-instance"
    xsi:schemaLocation="http://www.loc.gov/MARC21/slim http://www.loc.gov/standards/marcxml/schema/MARC21slim.xsd"
    xmlns="http://www.loc.gov/MARC21/slim">

  <leader>01048nab a2200301 uc4500</leader>
  <controlfield tag="001">839738</controlfield>
  <controlfield tag="005">20250219091238.0</controlfield>
  <controlfield tag="008">030825s2003                        spa  </controlfield>
  <datafield tag="035" ind1=" " ind2=" ">
    <subfield code="a">839738</subfield>
  </datafield>
  <datafield tag="035" ind1=" " ind2=" ">
    <subfield code="a">(OCoLC)820073367</subfield>
  </datafield>
  <datafield tag="040" ind1=" " ind2=" ">
    <subfield code="c">comduadb</subfield>
  </datafield>
  <datafield tag="041" ind1=" " ind2=" ">
    <subfield code="a">spa</subfield>
  </datafield>
  <datafield tag="100" ind1="1" ind2="0">
    <subfield code="a">Mayz Vallenilla, Ernesto,</subfield>
    <subfield code="d">1925-2015</subfield>
    <subfield code="4">aut</subfield>
    <subfield code="0">(isni)0000 0000 8379 2816</subfield>
    <subfield code="0">(viaf)46768929</subfield>
    <subfield code="e">aut</subfield>
    <subfield code="9">505316</subfield>
  </datafield>
  <datafield tag="245" ind1="1" ind2="0">
    <subfield code="a">Astrofisica y meta-tecnica</subfield>
  </datafield>
  <datafield tag="650" ind1=" " ind2="7">
    <subfield code="a">Filosof&#xED;a de la ciencia</subfield>
    <subfield code="2">armarc</subfield>
    <subfield code="9">1526</subfield>
  </datafield>
  <datafield tag="650" ind1=" " ind2=" ">
    <subfield code="a">Filosofia de la tecnica</subfield>
    <subfield code="9">69061</subfield>
  </datafield>
  <datafield tag="650" ind1=" " ind2=" ">
    <subfield code="a">Critica a la ciencia</subfield>
    <subfield code="9">108491</subfield>
  </datafield>
  <datafield tag="650" ind1=" " ind2=" ">
    <subfield code="a">Astrobiolog&#xED;a</subfield>
    <subfield code="9">63908</subfield>
  </datafield>
  <datafield tag="650" ind1=" " ind2="7">
    <subfield code="a">Astrof&#xED;sica</subfield>
    <subfield code="2">lemb</subfield>
    <subfield code="9">34825</subfield>
  </datafield>
  <datafield tag="650" ind1=" " ind2="7">
    <subfield code="a">Universo</subfield>
    <subfield code="2">armarc</subfield>
    <subfield code="9">9268</subfield>
  </datafield>
  <datafield tag="650" ind1=" " ind2=" ">
    <subfield code="a">Antropocentrismo</subfield>
    <subfield code="9">73346</subfield>
  </datafield>
  <datafield tag="650" ind1=" " ind2=" ">
    <subfield code="a">Metat&#xE9;cnica</subfield>
    <subfield code="9">123925</subfield>
  </datafield>
  <datafield tag="650" ind1=" " ind2="7">
    <subfield code="a">Ciencia y tecnolog&#xED;a</subfield>
    <subfield code="2">lemb</subfield>
    <subfield code="9">44988</subfield>
  </datafield>
  <datafield tag="650" ind1=" " ind2=" ">
    <subfield code="a">Conocimiento cient&#xED;fico</subfield>
    <subfield code="9">57311</subfield>
  </datafield>
  <datafield tag="650" ind1=" " ind2="7">
    <subfield code="a">Teor&#xED;a del conocimiento</subfield>
    <subfield code="2">lemb</subfield>
    <subfield code="9">1790</subfield>
  </datafield>
  <datafield tag="773" ind1="0" ind2=" ">
    <subfield code="t">Letras de Deusto (Bilbao)</subfield>
    <subfield code="g">Vol. 33, No. 098, Ene.-Mar. 2003, p. 217-224</subfield>
    <subfield code="w">163370</subfield>
    <subfield code="x">0210-3516</subfield>
    <subfield code="0">177796</subfield>
  </datafield>
  <datafield tag="942" ind1=" " ind2=" ">
    <subfield code="c">ARIMP</subfield>
  </datafield>
  <datafield tag="999" ind1=" " ind2=" ">
    <subfield code="c">288772</subfield>
    <subfield code="d">288772</subfield>
  </datafield>
</record>
